| 000 | 01029nam a22002897a 4500 | ||
|---|---|---|---|
| 001 | 9780 | ||
| 003 | FISKH | ||
| 005 | 20260224084340.0 | ||
| 008 | 260224b cb ||||| |||| 00| 0 eng d | ||
| 020 | _a9781740898201 | ||
| 040 |
_aFISKH _beng _cFISKH _dFISKH |
||
| 082 | _a597.3 | ||
| 100 | _aRyan , Denise | ||
| 245 |
_aScary sharks / _cBy Denise Ryan |
||
| 260 |
_aSydney : _bWeldon Owen Publishing , _c2008 . |
||
| 300 |
_a32 pages : _bcolor illustrations ; _c23 cm . |
||
| 490 |
_aTopReaders _vStage 2 |
||
| 505 | _aK | ||
| 520 | _aA series of beautifully designed, fact-filled books, richly illustrated with a wealth of accurate, full-colour illustrations, intriguing diagrams, cross sections and cutaways. The text has been carefully leveled to support children's reading development. | ||
| 521 | 8 |
_a510
_bLexile |
|
| 521 | 8 |
_aK
_bRaz-Plus |
|
| 650 |
_aFulton _vNon-fiction |
||
| 650 |
_aKids _vNon-fiction |
||
| 700 |
_aBull , John _eCover Designer |
||
| 942 |
_2ddc _cBK _n0 |
||
| 999 |
_c9780 _d9780 |
||